1854 1964 1827 1392 1988 1439 1674 1369 1835 1480 1689 1675 1185 1580 1034 1153 1943 1663 1614 1292 1902 1523 1920 1120 1968 1686 1944 1975 1904 1181 1971 1827 1452 1682 1545 1669 1706 1021 1082 1381 1742 1707 1427 1813 1236 1270 1330 1118 1587 1849 1775 1578 1709 1107 1741 1842 1555 1166 1230 1313 1975 1673 1681 1086 1592 1399 1453 1849 1576 1954 1443 1799 1344 1980 1944 1041 1877 1222 1506 1825 1245 1466 1200 1860 1269 1093 1608 1711 1857 1527 1984 1719 1283 1418 1251 1888 1466 1194 1667 BCNSPRNW ULIB Ver.6.0+V

เปลี่ยนเป็นภาษาไทย

Change to English
 แสดงรายละเอียดบรรณานุกรม
  กลับหน้าหลัก

Brief Record : Get Marc (ISO 2709) : E-mail record : QR code < ปิดหน้าต่าง
LEADER : 00000nam 2200000uu 4500
001    13399115034
003     ULIB
008    120704s2551||||th 000 0 tha d
020    ^a9789741374724
050  4 ^aAC158^bด961ว 2551
100 1  ^aกีซอง,โด
245 10 ^aวิทยาศาสตร์ฉลาดรู้ เรื่อง ชีวิตสัตว์ /^cโดกีซอง, เขียน ;วิภาพร พูลสวัสดิ์, แปล
250    ^aพิมพ์ครั้งที่ 5
260    ^aกรุงเทพฯ :^bอัมรินทร์คอมมิกส์,^c2551
300    ^a195 หน้า :^bภาพประกอบ ;^c21 ซม.
650  7 ^aการ์ตูน
650  7 ^aสัตว์^xวรรณกรรมสำหรับเด็ก
650  7 ^aวรรณกรรมเกาหลี
650  7 ^aวรรณกรรมสำหรับเด็ก
700 0  ^aวิภาพร พูลสวัสดิ์,^eผู้แปล
945    ^p199^l0^i15236
995    ^aเกษร
999    ^aใช้งานได้ทุกระบบ
รายการนี้ยังไม่มีแท็ก
คุณยังไม่ได้ล็อกอิน คุณสามารถมีกิจกรรมร่วมกับเว็บไซต์ได้ แต่ต้องล็อกอินก่อน ::
  ล็อกอิน

รายการสื่อสารสนเทศ

ลำดับที่ ประเภท เลขเรียก/บาร์โค้ด สถานที่ สถานะ
- ไม่พบข้อมูล -

รายการใกล้เคียง
    ผู้แต่ง [กีซอง,โด]

    หัวเรื่อง [การ์ตูน]
    หัวเรื่อง [วรรณกรรมเกาหลี]
    หัวเรื่อง [วรรณกรรมสำหรับเด็ก]

BibComment


ยังไม่เคยถูกคอมเมนท์

คอมเมนท์ทรัพยากรรายการนี้
  คอมเมนท์: วิทยาศาสตร์ฉลาดร..


 Copyright 2026. Bcnsprnw @Library